LEADER 01315nam a2200325 u 4500 001 000000078376 003 CaOOAMICUS 005 20070226123425.0 008 040423m20049999it u000 u ita u 020 $a8810241126 (v. 1) 020 $a8810241134 (v. 2) 035 $a10991736 040 $aPUL$bita 041 0 $aita$aeng$afre$alat$aspa 245 00$aEnchiridion della pace. 260 $aBologna :$bEdizioni Dehoniane Bologna,$c<2004>. 300 $av. <1-2 > ;$c21 cm 490 1 $aStrumenti 500 $a"Edizione bilingue". 500 $aContiene indice analitico e indice della fonti. 505 1 $av. 1. Pio X - Giovanni XXIII -- v. 2 Paolo VI - Giovanni Paolo II. 650 4$aPace.$0(OLS)http://pul/subject/4327 830 0$aStrumenti (Edizioni Dehoniane).$0(OLS)http://pul/title/7348 850 $aPUL 852 $aPUL$W1$xSL Cons. Gen., Altre Classi 1$y1$m2016 A 34.1-2;DF3/8/13$j100530$nBK-PRI$b $qStampati$B100530$CPULBib$Z2$F100530 $HPUL94833, 98099 $81 941 1 $a8 996 $6020$a8810241126 (v. 1)$9(OLS)http://pul/number/102734 996 $6020$a8810241134 (v. 2)$9(OLS)http://pul/number/102735 996 $6245$aEnchiridion della pace$9(OLS)http://pul/title/102691 996 $6260$aBologna :$bEdizioni Dehoniane Bologna$9(OLS)http://pul/publisher/60955 LEADER 01696nam a2200325 a 4500 001 000000149740 003 CaOOAMICUS 005 20160302132858.0 008 160225s2014 it u000 u ita r 020 $a978-88-6434-089-0* 032 $aLibriCat 040 $aPUL$bita 082 14$a331 245 00$aAlla ricerca del lavoro perduto :$bidee sul lavoro che cambia. Atti del Convegno promosso dal centro Espaces "Giorgio La Pira"-Pistoia in collaborazione con Circolo ACLI "Fabio Giaconi" e Poieinlab-Ricerca sociale /$ca cura di Alessandro Cortesi e Giovanni Paci. 260 $aFirenze :$bNerbini,$c©2014. 300 $a280 p. ;$c19 cm. 490 1 $aSul confine ;$v21 504 $aBibliografia in nota a pič pagina. 650 4$aLavoro$xAspetti economici e sociali$ySec. XX.$0(OLS)http://pul/subject/17911 700 1 $aCortesi, Alessandro.$0(OLS)http://pul/name/68698 700 1 $aPaci, Giovanni.$0(OLS)http://pul/name/95436 830 0$aSul confine ;$v21.$0(OLS)http://pul/title/188769 850 $aPUL 852 $aPUL$W1$xSL Diritto e Scienze Sociali 3$y79$m331 CORAL 1$j172397$qDDC 21$B174079$CPULBib$Z2$F174079 $H127308 $81 941 1 $a9 996 $6020$a978-88-6434-089-0*$9(OLS)http://pul/number/159848 996 $6082$a331$9(OLS)http://pul/classification/392 996 $6245$aAlla ricerca del lavoro perduto :$bidee sul lavoro che cambia. Atti del Convegno promosso dal centro Espaces "Giorgio La Pira"-Pistoia in collaborazione con Circolo ACLI "Fabio Giaconi" e Poieinlab-Ricerca sociale$9(OLS)http://pul/title/188767 996 $6260$aFirenze :$bNerbini$9(OLS)http://pul/publisher/75552